| 000 | 00769nam a2200205Ii 4500 | ||
|---|---|---|---|
| 003 | JO-AjNU | ||
| 008 | 230605s9999||||xx |||||||||||||| ||und|| | ||
| 017 | _a2009/11/4909 | ||
| 040 |
_aJO-AjNU _bara _erda _cJO-AjNU |
||
| 041 | _aara | ||
| 050 | 1 | 4 | _aHQ756.S5212 2009 |
| 100 | 3 |
_aشرابي، هشام, _eauthor _961130 |
|
| 245 | 0 | 0 | _aالنظام الأيوبي واشكالية تخلف المجتمع العربي |
| 264 | 3 | 1 | _aعمان: وزارة الثقافه، 2009 |
| 300 | _a182ص | ||
| 336 |
_atext _btxt _2rdacontent |
||
| 337 |
_aunmediated _bn _2rdamedia |
||
| 338 |
_avolume _bnc _2rdacarrier |
||
| 650 | 4 |
_aالادباء والابناء- البلاد العربية- الاسرة العلاقات الاسرية- اصول اجتماعية _961131 |
|
| 999 |
_aA27612 _c31180 _d31180 |
||